[Event "ISL-chT1 2122"]
[Site "Reykjavik"]
[Date "2022.03.06"]
[Round "10.1"]
[White "Karlsson, Bjorn Ivar"]
[Black "Nagy, Gabor"]
[Result "1/2-1/2"]
[WhiteElo "2313"]
[BlackElo "2507"]
[PlyCount "40"]
[EventDate "2021.09.30"]
[EventType "team-tourn"]
[EventRounds "10"]
[EventCountry "ISL"]
[SourceTitle "EXT 2023"]
[Source "ChessBase"]
[SourceDate "2022.10.05"]
[SourceVersion "1"]
[SourceVersionDate "2022.10.05"]
[SourceQuality "1"]
[WhiteTeam "Skakfelag Akureyrar"]
[BlackTeam "Taflfelag Gardabaejar"]
[WhiteTeamCountry "ISL"]
[BlackTeamCountry "ISL"]

1. e4 c5 2. Nf3 e6 3. c3 d5 4. exd5 Qxd5 5. d4 Nf6 6. Bd3 Be7 7. 0-0 0-0 8. c4 Qd8 9. dxc5 Nbd7 10. c6 Nc5 11. Bc2 Qc7 12. Qe2 Qxc6 13. Nc3 a6 14. Ne5 Qe8 15. Bf4 b5 16. b4 Ncd7 17. c5 Nxe5 18. Bxe5 Bb7 19. Rfd1 Qc6 20. f3 Rad8 1/2-1/2

[Event "ISL-chT1 1920"]
[Site "Reykjavik"]
[Date "2019.10.06"]
[Round "5.1"]
[White "Karlsson, Bjorn Ivar"]
[Black "Ragnarsson, Dagur"]
[Result "0-1"]
[WhiteElo "2302"]
[BlackElo "2388"]
[PlyCount "120"]
[EventDate "2019.10.03"]
[EventType "team-tourn"]
[EventRounds "9"]
[EventCountry "ISL"]
[SourceTitle "CBM 195 Extra"]
[Source "ChessBase"]
[SourceDate "2020.05.31"]
[SourceVersion "1"]
[SourceVersionDate "2020.05.31"]
[SourceQuality "1"]
[WhiteTeam "Skakfelag Akureyrar"]
[BlackTeam "Skakdeild Fjolnis"]
[WhiteTeamCountry "ISL"]
[BlackTeamCountry "ISL"]

1. e4 c5 2. Nf3 e6 3. d4 cxd4 4. Nxd4 Nc6 5. Nc3 Qc7 6. f4 a6 7. Nxc6 Qxc6 8. Bd3 b5 9. Qe2 Bb7 10. Bd2 Rc8 11. a3 h5 12. 0-0-0 b4 13. axb4 Bxb4 14. Kb1 Qb6 15. Na4 Qa5 16. Bxb4 Qxb4 17. b3 Nf6 18. Rhe1 Bc6 19. Nb2 a5 20. Qd2 Rb8 21. Nc4 a4 22. Qxb4 Rxb4 23. Kb2 axb3 24. c3 Ra4 25. Nd6+ Ke7 26. Bb1 Rb8 27. g3 h4 28. Rd2 Rba8 29. Ree2 hxg3 30. hxg3 Rh8 31. c4 Rh3 32. Re3 Nh5 33. Rxb3 Rxg3 34. Rb8 Ra8 35. Rxa8 Bxa8 36. c5 Nxf4 37. Nc8+ Kd8 38. Nb6 Bc6 39. Nxd7 Bxd7 40. c6 Rg2 41. Rxg2 Nxg2 42. cxd7 Kxd7 43. Kc3 Kd6 44. Kd4 e5+ 45. Kd3 Nf4+ 46. Ke3 Ne6 47. Ba2 g6 48. Bb1 Nd4 49. Ba2 Ke7 50. Bb1 f5 51. exf5 gxf5 52. Ba2 Kf6 53. Bd5 Kg5 54. Bb7 Nb5 55. Bc6 Nd6 56. Bd7 f4+ 57. Ke2 e4 58. Be6 Nf5 59. Kf2 f3 60. Bc4 Kf4 0-1

[Event "ISL-chT1 1920"]
[Site "Reykjavik"]
[Date "2019.10.05"]
[Round "4.5"]
[White "Thorhallsson, Throstur"]
[Black "Karlsson, Bjorn Ivar"]
[Result "1/2-1/2"]
[WhiteElo "2419"]
[BlackElo "2302"]
[PlyCount "25"]
[EventDate "2019.10.03"]
[EventType "team-tourn"]
[EventRounds "9"]
[EventCountry "ISL"]
[SourceTitle "CBM 195 Extra"]
[Source "ChessBase"]
[SourceDate "2020.05.31"]
[SourceVersion "1"]
[SourceVersionDate "2020.05.31"]
[SourceQuality "1"]
[WhiteTeam "Skakfelagidj Huginn"]
[BlackTeam "Skakfelag Akureyrar"]
[WhiteTeamCountry "ISL"]
[BlackTeamCountry "ISL"]

1. e4 c5 2. Nf3 e6 3. d4 cxd4 4. Nxd4 a6 5. Nc3 b5 6. Bd3 Bb7 7. Qe2 Qc7 8. Bd2 b4 9. Na4 Nc6 10. Nxc6 Bxc6 11. b3 Nf6 12. Nb2 d5 13. exd5 1/2-1/2

[Event "ISL-chT1 1819"]
[Site "Reykjavik"]
[Date "2019.03.02"]
[Round "8.2"]
[White "Wang, Kevin A"]
[Black "Karlsson, Bjorn Ivar"]
[Result "1-0"]
[WhiteElo "2442"]
[BlackElo "2339"]
[PlyCount "53"]
[EventDate "2018.11.08"]
[EventType "team-tourn"]
[EventRounds "9"]
[EventCountry "ISL"]
[SourceTitle "CBM 189 Extra"]
[Source "ChessBase"]
[SourceDate "2019.05.31"]
[SourceVersion "1"]
[SourceVersionDate "2019.05.31"]
[SourceQuality "1"]
[WhiteTeam "Taflfelag Gardjabaejar"]
[BlackTeam "Skakfelag Akureyrar"]
[WhiteTeamCountry "ISL"]
[BlackTeamCountry "ISL"]

1. e4 c5 2. c3 Nf6 3. e5 Nd5 4. Nf3 e6 5. d4 cxd4 6. cxd4 d6 7. Bc4 Nc6 8. Qe2 Be7 9. 0-0 0-0 10. Nc3 Nxc3 11. bxc3 dxe5 12. dxe5 Qa5 13. Rb1 Rd8 14. Qe4 Qa4 15. Ng5 Bxg5 16. Bxg5 Rd7 17. Bf6 h6 18. Qg4 g6 19. Qf4 Kh7 20. Rbe1 Qc2 21. Re3 Qf5 22. Qh4 g5 23. Qg3 b6 24. f4 g4 25. Rd3 Rc7 26. Rd2 Nb4 27. Be2 1-0

[Event "ISL-chT1 1819"]
[Site "Reykjavik"]
[Date "2019.02.28"]
[Round "6.3"]
[White "Kjartansson, Gudmundur"]
[Black "Karlsson, Bjorn Ivar"]
[Result "1-0"]
[WhiteElo "2403"]
[BlackElo "2339"]
[PlyCount "65"]
[EventDate "2018.11.08"]
[EventType "team-tourn"]
[EventRounds "9"]
[EventCountry "ISL"]
[SourceTitle "CBM 189 Extra"]
[Source "ChessBase"]
[SourceDate "2019.05.31"]
[SourceVersion "1"]
[SourceVersionDate "2019.05.31"]
[SourceQuality "1"]
[WhiteTeam "Taflfelag Reykjavikur"]
[BlackTeam "Skakfelag Akureyrar"]
[WhiteTeamCountry "ISL"]
[BlackTeamCountry "ISL"]

1. Nf3 d5 2. g3 g6 3. Bg2 Bg7 4. d4 e6 5. 0-0 Ne7 6. c4 0-0 7. e3 Nbc6 8. Qe2 b6 9. Rd1 a5 10. a4 Ba6 11. Na3 Nf5 12. b3 Nd6 13. Bb2 Nb4 14. Ne5 c6 15. Nc2 Nxc2 16. Qxc2 Rc8 17. Rac1 f6 18. Nf3 dxc4 19. Nd2 b5 20. bxc4 bxc4 21. Ba3 Rf7 22. Bxd6 Qxd6 23. Ne4 Qc7 24. Nc5 Qa7 25. Nxe6 Bf8 26. Bf1 c5 27. d5 Bd6 28. Bxc4 Bxc4 29. Qxc4 Rb7 30. Nd4 Rb4 31. Qc2 c4 32. Nc6 Qc5 33. Rd4 1-0

[Event "ISL-chT1 1819"]
[Site "Reykjavik"]
[Date "2018.11.09"]
[Round "2.5"]
[White "Karlsson, Bjorn Ivar"]
[Black "Thybo, Jesper Sondergaard"]
[Result "1/2-1/2"]
[WhiteElo "2339"]
[BlackElo "2511"]
[PlyCount "120"]
[EventDate "2018.11.08"]
[EventType "team-tourn"]
[EventRounds "9"]
[EventCountry "ISL"]
[SourceTitle "CBM 187 Extra"]
[Source "ChessBase"]
[SourceDate "2018.11.04"]
[SourceVersion "1"]
[SourceVersionDate "2018.11.04"]
[SourceQuality "1"]
[WhiteTeam "Skakfelag Akureyrar"]
[BlackTeam "Skakdeild Fjolnis"]
[WhiteTeamCountry "ISL"]
[BlackTeamCountry "ISL"]

1. e4 e5 2. Nf3 Nc6 3. Bb5 a6 4. Ba4 Nf6 5. 0-0 Be7 6. Re1 b5 7. Bb3 d6 8. c3 0-0 9. d4 Bg4 10. d5 Na5 11. Bc2 c6 12. h3 Bc8 13. dxc6 Qc7 14. Nbd2 h6 15. Nf1 Be6 16. Ng3 Rfe8 17. Nh4 Nxc6 18. Ngf5 Kh7 19. Qf3 Ng8 20. Nxe7 Qxe7 21. Nf5 Qf6 22. Nxd6 Qxf3 23. gxf3 Red8 24. Nb7 Rdb8 25. Nc5 Bxh3 26. Kh2 Be6 27. f4 exf4 28. e5+ g6 29. Be4 Nge7 30. Bxf4 Rd8 31. Rad1 Bf5 32. Bf3 Rdc8 33. e6 fxe6 34. Nxe6 Ra7 35. Bd6 Bxe6 36. Rxe6 Nf5 37. Bc5 Nd8 38. Bxa7 Nxe6 39. Rd7+ Kh8 40. Bb7 Rc4 41. Bb8 Rh4+ 42. Kg2 Rg4+ 43. Kf3 h5 44. Be5+ Neg7 45. Bxa6 Kg8 46. Bxg7 Nxg7 47. Bxb5 Ne6 48. Re7 Ng5+ 49. Ke3 h4 50. Bd7 h3 51. Re8+ Kg7 52. Re7+ Kg8 53. Re8+ Kg7 54. Re7+ Kh6 55. Bc6 h2 56. f4 Nh3 57. Re8 Kg7 58. Re7+ Kh6 59. Re8 Kg7 60. Re7+ Kh6 1/2-1/2

[Event "ISL-chT 1718"]
[Site "Reykjavik"]
[Date "2018.03.03"]
[Round "9.2"]
[White "Karlsson, Bjorn Ivar"]
[Black "Carlsson, Pontus"]
[Result "1-0"]
[WhiteElo "2312"]
[BlackElo "2443"]
[PlyCount "197"]
[EventDate "2017.10.19"]
[EventType "team-tourn"]
[EventRounds "9"]
[EventCountry "ISL"]
[SourceTitle "EXT 2019"]
[Source "ChessBase"]
[SourceDate "2018.10.10"]
[SourceVersion "1"]
[SourceVersionDate "2018.10.10"]
[SourceQuality "1"]
[WhiteTeam "Akureyri"]
[BlackTeam "Fjolnis"]
[WhiteTeamCountry "ISL"]
[BlackTeamCountry "ISL"]

1. e4 c5 2. Nc3 Nc6 3. Bb5 Nd4 4. Bc4 e6 5. Nge2 a6 6. Nxd4 cxd4 7. Ne2 b5 8. Bb3 Bb7 9. d3 Bc5 10. 0-0 Ne7 11. Bg5 f6 12. Bh4 Ng6 13. Bg3 0-0 14. c3 dxc3 15. bxc3 f5 16. exf5 Rxf5 17. d4 Bb6 18. Bc2 Rf7 19. Qd3 Qg5 20. Qe3 Qxe3 21. fxe3 Rxf1+ 22. Rxf1 Rc8 23. Bd3 Ne7 24. e4 Nc6 25. Bf2 Na5 26. a4 Nc4 27. axb5 axb5 28. Rb1 Nd2 29. Rb2 Nxe4 30. Bxb5 Nxc3 31. Bxd7 Nxe2+ 32. Kf1 Bxd4 33. Bxe6+ Kh8 34. Bxd4 Re8 35. Bxg7+ Kxg7 36. Rxb7+ Kf6 37. Bf7 Re5 38. Bc4 Nd4 39. Rxh7 Rf5+ 40. Ke1 Nc2+ 41. Ke2 Re5+ 42. Kf2 Rf5+ 43. Ke2 Re5+ 44. Kd3 Ne1+ 45. Kd4 Nc2+ 46. Kc3 Ne3 47. Rf7+ Kg6 48. Rf3 Ng4 49. h3 Nf6 50. Bd3+ Kg7 51. g4 Ra5 52. Kd4 Ra4+ 53. Bc4 Kg6 54. Rf4 Kg5 55. Rf5+ Kg6 56. Rc5 Nd7 57. Rc7 Nf6 58. Ke5 Ra3 59. Bf7+ Kg5 60. h4+ Kxh4 61. Kxf6 Kxg4 62. Be6+ Kf4 63. Rc4+ Ke3 64. Ke5 Ra5+ 65. Bd5 Rb5 66. Rc3+ Kd2 67. Rh3 Rb4 68. Be4 Rb5+ 69. Kf4 Rb2 70. Ra3 Ke2 71. Rd3 Rb4 72. Rd7 Rb2 73. Bf3+ Kf2 74. Rh7 Rd2 75. Rh2+ Ke1 76. Rh1+ Kf2 77. Be4 Ke2 78. Rh3 Kf2 79. Bd3 Ke1 80. Re3+ Kf2 81. Rf3+ Kg2 82. Kg4 Kg1 83. Rh3 Rh2 84. Re3 Rg2+ 85. Kf4 Rf2+ 86. Ke4 Kg2 87. Be2 Kg1 88. Bf3 Rd2 89. Re1+ Kf2 90. Rh1 Rd8 91. Rh2+ Kg3 92. Rg2+ Kh4 93. Rg4+ Kh3 94. Rg7 Re8+ 95. Kf4 Rf8+ 96. Ke3 Re8+ 97. Kf2 Kh4 98. Rg4+ Kh3 99. Rg5 1-0

[Event "ISL-chT 1718"]
[Site "Reykjavik"]
[Date "2017.10.21"]
[Round "3.3"]
[White "Karlsson, Bjorn Ivar"]
[Black "Stefansson, Hannes"]
[Result "0-1"]
[WhiteElo "2312"]
[BlackElo "2508"]
[PlyCount "118"]
[EventDate "2017.10.19"]
[EventType "team-tourn"]
[EventRounds "9"]
[EventCountry "ISL"]
[SourceTitle "CBM 181 Extra"]
[Source "ChessBase"]
[SourceDate "2017.12.12"]
[SourceVersion "1"]
[SourceVersionDate "2017.12.12"]
[SourceQuality "1"]
[WhiteTeam "Akureyri"]
[BlackTeam "Huginn"]
[WhiteTeamCountry "ISL"]
[BlackTeamCountry "ISL"]

1. e4 c5 2. Nf3 e6 3. d4 cxd4 4. Nxd4 a6 5. Nc3 d6 6. f4 Nf6 7. Bd3 Nbd7 8. Qf3 Qb6 9. Nb3 Be7 10. Be3 Qc7 11. g4 g6 12. g5 Nh5 13. 0-0-0 b5 14. Ne2 h6 15. h4 Bb7 16. Ng3 Nxg3 17. Qxg3 0-0-0 18. Rhf1 Nc5 19. Bd4 Rh7 20. Qe3 hxg5 21. hxg5 Rh2 22. Nxc5 dxc5 23. Be5 Bd6 24. Bf6 Rd7 25. e5 Be7 26. Bxe7 Rxe7 27. Be4 Bxe4 28. Qxe4 Qb7 29. Qxb7+ Kxb7 30. Rd6 a5 31. Rfd1 Rc7 32. R1d2 Rh1+ 33. Rd1 Rh4 34. Rf1 Rh2 35. a3 b4 36. a4 c4 37. Rfd1 Rf2 38. R6d4 c3 39. b3 Kb8 40. Rh1 Rc8 41. Kd1 Kc7 42. Rh7 Rf8 43. Rc4+ Kd7 44. Re4 Ke7 45. Rd4 Rc8 46. Rh3 Ra8 47. Rh7 Rf1+ 48. Ke2 Rc1 49. Kd3 Rd1+ 50. Ke3 Rxd4 51. Kxd4 Rd8+ 52. Ke3 Rd2 53. Rh8 Rxc2 54. Ra8 Rb2 55. Rxa5 Rxb3 56. Ra7+ Ke8 57. Rb7 c2+ 58. Kd2 Rc3 59. Kc1 b3 0-1

[Event "ISL-chT 1617"]
[Site "Reykjavik"]
[Date "2017.03.03"]
[Round "7.4"]
[White "Thorfinnsson, Bragi"]
[Black "Karlsson, Bjorn Ivar"]
[Result "1-0"]
[WhiteElo "2430"]
[BlackElo "2313"]
[PlyCount "73"]
[EventDate "2016.09.29"]
[EventType "team-tourn"]
[EventRounds "9"]
[EventCountry "ISL"]
[SourceTitle "EXT 2018"]
[Source "ChessBase"]
[SourceDate "2017.10.13"]
[SourceVersion "1"]
[SourceVersionDate "2017.10.13"]
[SourceQuality "1"]
[WhiteTeam "Reykjavik"]
[BlackTeam "Akureyri"]
[WhiteTeamCountry "ISL"]
[BlackTeamCountry "ISL"]

1. Nf3 d5 2. e3 Nf6 3. c4 e6 4. b3 c5 5. Bb2 Nc6 6. cxd5 exd5 7. Bb5 Bd6 8. 0-0 0-0 9. Bxc6 bxc6 10. d3 Rb8 11. Qc2 Qe7 12. Nbd2 Bg4 13. Rfe1 Nd7 14. e4 d4 15. e5 Bc7 16. Ba3 Qd8 17. Bxc5 Nxc5 18. Qxc5 Ba5 19. Re4 Bc3 20. Rxg4 Bxa1 21. Ne4 Bb2 22. Qc2 Ba3 23. Qd2 Kh8 24. Nf6 gxf6 25. Qh6 Rg8 26. Rh4 Rxg2+ 27. Kxg2 Qg8+ 28. Kf1 Qg6 29. Qxg6 fxg6 30. exf6 Rf8 31. Ng5 h5 32. Rxd4 Rxf6 33. Ra4 Bc1 34. Ne4 Rf3 35. Rxa7 Kg8 36. Rd7 g5 37. a4 1-0

[Event "PRO League Central"]
[Site "Chess.com INT"]
[Date "2017.01.11"]
[Round "1"]
[White "Lampert, Jonas"]
[Black "Karlsson, Bjorn Ivar"]
[Result "1-0"]
[WhiteElo "2510"]
[BlackElo "2315"]
[PlyCount "147"]
[EventDate "2017.01.11"]
[EventType "team-swiss (rapid)"]
[EventRounds "7"]
[EventCountry "USA"]
[SourceTitle "CBM 176 Extra"]
[Source "ChessBase"]
[SourceDate "2017.03.02"]
[SourceVersion "1"]
[SourceVersionDate "2017.03.02"]
[SourceQuality "1"]
[WhiteTeam "Hamburg Swashbucklers"]
[BlackTeam "Reykjavik Puffins"]
[WhiteTeamCountry "GER"]
[BlackTeamCountry "ISL"]

1. d4 d5 2. c4 c6 3. Nf3 Nf6 4. Nbd2 Bf5 5. Nh4 Be4 6. Qb3 Qc7 7. Nxe4 Nxe4 8. Nf3 e6 9. e3 Qa5+ 10. Bd2 Nxd2 11. Nxd2 Bb4 12. Rd1 Nd7 13. a3 Bxd2+ 14. Rxd2 Rb8 15. Be2 0-0 16. Qc2 Rfe8 17. 0-0 dxc4 18. Bxc4 Nb6 19. Bd3 h6 20. Rc1 e5 21. dxe5 Qxe5 22. Bf1 Nd5 23. Rcd1 a6 24. h3 Re7 25. Bc4 Nf6 26. Qb3 Rbe8 27. Rd8 Qc7 28. Rxe8+ Rxe8 29. Qd3 b5 30. Ba2 Re7 31. Qd6 Qxd6 32. Rxd6 Rc7 33. Rd8+ Kh7 34. Kf1 a5 35. Rf8 Nd5 36. g3 g6 37. Bxd5 cxd5 38. Rb8 b4 39. axb4 Rc1+ 40. Kg2 a4 41. Ra8 Rb1 42. Rxa4 Rxb2 43. Ra7 Kg7 44. Rb7 Kf6 45. Kf3 h5 46. h4 Ke6 47. b5 Rb3 48. Kf4 Rb4+ 49. Kg5 Rb2 50. f3 Rb3 51. Rb6+ Ke7 52. Kf4 f6 53. Rb8 Rb4+ 54. e4 d4 55. b6 Kf7 56. g4 hxg4 57. fxg4 Rb3 58. g5 fxg5+ 59. hxg5 Kg7 60. Rb7+ Kg8 61. Ke5 d3 62. Kf6 d2 63. Kxg6 Kf8 64. Rd7 Rxb6+ 65. Kf5 Rb2 66. e5 Ke8 67. e6 Ra2 68. Kf6 Rb2 69. Rh7 Kd8 70. Rh8+ Kc7 71. Rh1 Kd8 72. e7+ Kd7 73. Kf7 Rb8 74. Rd1 1-0

[Event "Titled Tuesday intern op 3rd Jan 10am"]
[Site "Chess.com INT"]
[Date "2017.01.03"]
[Round "4"]
[White "Hjartarson, Johann"]
[Black "Karlsson, Bjorn Ivar"]
[Result "0-1"]
[WhiteElo "2540"]
[BlackElo "2315"]
[PlyCount "86"]
[EventDate "2017.01.03"]
[EventType "swiss (blitz)"]
[EventRounds "9"]
[EventCountry "USA"]
[SourceTitle "EXT 2021"]
[Source "ChessBase"]
[SourceDate "2020.10.23"]
[SourceVersion "1"]
[SourceVersionDate "2020.10.23"]
[SourceQuality "1"]

1. d4 d5 2. c4 c6 3. Nf3 Nf6 4. e3 a6 5. Nbd2 Bg4 6. Bd3 e6 7. 0-0 Nbd7 8. b3 Bd6 9. h3 Bh5 10. Bb2 Bg6 11. Qc2 0-0 12. Rad1 Qe7 13. e4 dxe4 14. Nxe4 Nxe4 15. Bxe4 Bxe4 16. Qxe4 Rfe8 17. Rfe1 Bb4 18. Re2 Rad8 19. g3 h6 20. Kg2 Ba3 21. Ba1 Bd6 22. d5 exd5 23. Qg4 f5 24. Qg6 Qf8 25. Rxe8 Rxe8 26. Bxg7 Qf7 27. Qxh6 Qxg7 28. Qxd6 Re4 29. cxd5 c5 30. Qc7 Re2 31. Nh4 Qe7 32. Rf1 Qe4+ 33. Kg1 Ne5 34. Qc8+ Kf7 35. Qxb7+ Kf6 36. Qxa6+ Kg5 37. Qe6 Nf3+ 38. Nxf3+ Qxf3 39. h4+ Kh5 40. Qf7+ Kg4 41. Kh2 Rxf2+ 42. Rxf2 Qxf2+ 43. Kh1 Kh3 0-1

[Event "Titled Tuesday intern op 3rd Jan 10am"]
[Site "Chess.com INT"]
[Date "2017.01.03"]
[Round "7"]
[White "Karlsson, Bjorn Ivar"]
[Black "Amin, Bassem"]
[Result "1-0"]
[WhiteElo "2315"]
[BlackElo "2666"]
[PlyCount "57"]
[EventDate "2017.01.03"]
[EventType "swiss (blitz)"]
[EventRounds "9"]
[EventCountry "USA"]
[SourceTitle "EXT 2021"]
[Source "ChessBase"]
[SourceDate "2020.10.23"]
[SourceVersion "1"]
[SourceVersionDate "2020.10.23"]
[SourceQuality "1"]

1. e4 e5 2. Nf3 Nc6 3. Bb5 a6 4. Ba4 Nf6 5. Qe2 b5 6. Bb3 Bc5 7. c3 0-0 8. 0-0 d5 9. d3 d4 10. Bg5 Qd6 11. cxd4 Nxd4 12. Nxd4 Bxd4 13. Nc3 c6 14. Kh1 h6 15. Bh4 Bg4 16. f3 Bd7 17. Rad1 Nh5 18. g3 Bh3 19. Rfe1 Qd7 20. Qd2 g5 21. Bxg5 hxg5 22. Qxg5+ Ng7 23. g4 Qd8 24. Qh6 Bf2 25. Qxh3 Bxe1 26. Rxe1 Qxd3 27. Rg1 Qd6 28. g5 Qg6 29. Ne2 1-0

[Event "Titled Tuesday intern op 3rd Jan 10am"]
[Site "Chess.com INT"]
[Date "2017.01.03"]
[Round "5"]
[White "Karlsson, Bjorn Ivar"]
[Black "Andreikin, Dmitry"]
[Result "0-1"]
[WhiteElo "2315"]
[BlackElo "2736"]
[PlyCount "80"]
[EventDate "2017.01.03"]
[EventType "swiss (blitz)"]
[EventRounds "9"]
[EventCountry "USA"]
[SourceTitle "EXT 2021"]
[Source "ChessBase"]
[SourceDate "2020.10.23"]
[SourceVersion "1"]
[SourceVersionDate "2020.10.23"]
[SourceQuality "1"]

1. e4 c5 2. Nf3 e6 3. d4 cxd4 4. Nxd4 a6 5. Bd3 Bc5 6. Nb3 Ba7 7. 0-0 Qh4 8. Qe2 Nf6 9. h3 Nh5 10. Qg4 Qxg4 11. hxg4 Nf6 12. g5 Ng4 13. Be2 h5 14. gxh6 Nxh6 15. c4 Nc6 16. Nc3 f6 17. Bf4 g5 18. Bg3 f5 19. exf5 Nxf5 20. Ne4 Nxg3 21. Nxg3 Ke7 22. Rac1 d6 23. Ne4 Bd7 24. Rfd1 Rh4 25. Ng3 Rf8 26. c5 d5 27. Nd2 g4 28. a3 Ne5 29. b4 Ng6 30. Ndf1 Nf4 31. Bd3 Ba4 32. Rd2 Bb8 33. Bc2 Bb5 34. Re1 Kd8 35. a4 Bxf1 36. Kxf1 Rfh8 37. Kg1 Rh2 38. Be4 Kc8 39. f3 dxe4 40. Rxe4 gxf3 0-1

[Event "Titled Tuesday intern op 3rd Jan 10am"]
[Site "Chess.com INT"]
[Date "2017.01.03"]
[Round "3"]
[White "Karlsson, Bjorn Ivar"]
[Black "Yoo, Christopher Woojin"]
[Result "1-0"]
[WhiteElo "2315"]
[BlackElo "1854"]
[PlyCount "63"]
[EventDate "2017.01.03"]
[EventType "swiss (blitz)"]
[EventRounds "9"]
[EventCountry "USA"]
[SourceTitle "EXT 2021"]
[Source "ChessBase"]
[SourceDate "2020.10.23"]
[SourceVersion "1"]
[SourceVersionDate "2020.10.23"]
[SourceQuality "1"]

1. e4 e5 2. Nf3 Nc6 3. Bb5 Nf6 4. 0-0 Bc5 5. Qe2 d6 6. c3 Bd7 7. Rd1 Bb6 8. d4 Qe7 9. a4 a6 10. Bxc6 Bxc6 11. d5 Bd7 12. a5 Ba7 13. Be3 Bxe3 14. Qxe3 0-0 15. c4 Rfb8 16. Nc3 b6 17. b4 bxa5 18. bxa5 Ng4 19. Qd2 Rb7 20. Rab1 Rab8 21. Rxb7 Rxb7 22. Rb1 Rxb1+ 23. Nxb1 Nf6 24. Nc3 Qd8 25. Qb2 Qc8 26. Nd2 c6 27. Qb6 Kf8 28. f3 Ke7 29. c5 Ne8 30. Nc4 f5 31. cxd6+ Kf6 32. Qc5 1-0

[Event "Titled Tuesday intern op 3rd Jan 10am"]
[Site "Chess.com INT"]
[Date "2017.01.03"]
[Round "1"]
[White "Rozum, Ivan"]
[Black "Karlsson, Bjorn Ivar"]
[Result "0-1"]
[WhiteElo "2601"]
[BlackElo "2315"]
[PlyCount "110"]
[EventDate "2017.01.03"]
[EventType "swiss (blitz)"]
[EventRounds "9"]
[EventCountry "USA"]
[SourceTitle "EXT 2021"]
[Source "ChessBase"]
[SourceDate "2020.10.23"]
[SourceVersion "1"]
[SourceVersionDate "2020.10.23"]
[SourceQuality "1"]

1. d4 d5 2. Nf3 Nf6 3. c4 c6 4. e3 a6 5. Bd3 Bg4 6. Nbd2 e6 7. h3 Bh5 8. b3 Nbd7 9. Bb2 Bd6 10. Qc2 Bg6 11. 0-0 0-0 12. a3 Bxd3 13. Qxd3 Qe7 14. b4 Rfe8 15. c5 Bc7 16. Rfe1 e5 17. e4 dxe4 18. Nxe4 Nxe4 19. Qxe4 Nf6 20. Qh4 e4 21. Ne5 Rad8 22. Re3 Nd5 23. Qxe7 Rxe7 24. Re2 f6 25. Nc4 Rde8 26. Ne3 Nf4 27. Rd2 Nd3 28. Bc3 Bf4 29. Re2 Bxe3 30. fxe3 Rd7 31. a4 f5 32. Rea2 f4 33. exf4 Nxf4 34. b5 axb5 35. axb5 cxb5 36. Kf2 e3+ 37. Ke1 e2 38. Kf2 Nd3+ 39. Kg3 e1Q+ 40. Bxe1 Rxe1 41. Rxe1 Nxe1 42. Kf2 Nd3+ 43. Ke3 Nb4 44. Rb2 Nd5+ 45. Kd3 b4 46. Kc4 Kf7 47. Rf2+ Kg6 48. Re2 Kf6 49. g3 g5 50. Rf2+ Kg6 51. Re2 h5 52. Re6+ Kf7 53. Re5 Nc7 54. Rxg5 Rxd4+ 55. Kb3 Rd5 0-1

[Event "Titled Tuesday intern op 3rd Jan 10am"]
[Site "Chess.com INT"]
[Date "2017.01.03"]
[Round "6"]
[White "Terletsky, Oleg"]
[Black "Karlsson, Bjorn Ivar"]
[Result "0-1"]
[WhiteElo "2312"]
[BlackElo "2315"]
[PlyCount "118"]
[EventDate "2017.01.03"]
[EventType "swiss (blitz)"]
[EventRounds "9"]
[EventCountry "USA"]
[SourceTitle "EXT 2021"]
[Source "ChessBase"]
[SourceDate "2020.10.23"]
[SourceVersion "1"]
[SourceVersionDate "2020.10.23"]
[SourceQuality "1"]

1. e4 c5 2. Nf3 e6 3. d4 cxd4 4. Nxd4 a6 5. Bd3 Nf6 6. 0-0 d6 7. c4 Qc7 8. b3 Nbd7 9. Bb2 Be7 10. Nc3 b6 11. Rc1 Bb7 12. Bb1 0-0 13. Qf3 Rac8 14. Qh3 Rfe8 15. Kh1 Qc5 16. f4 Qh5 17. Qxh5 Nxh5 18. g4 Nxf4 19. Rxf4 e5 20. Rf2 exd4 21. Nd5 Bxd5 22. exd5 Bf6 23. Rcf1 Re7 24. Rd2 Rce8 25. Bf5 Nc5 26. Bxd4 Bxd4 27. Rxd4 a5 28. Rd2 Re3 29. Rdf2 R8e7 30. Bc2 g6 31. Kg2 Kg7 32. h3 h6 33. Rb1 Rc3 34. a3 Ree3 35. b4 axb4 36. axb4 Rg3+ 37. Kf1 Nd7 38. c5 bxc5 39. b5 Rxh3 40. Be4 Nb6 41. Ra1 Rhe3 42. Ra7 h5 43. g5 Kf8 44. Rfxf7+ Ke8 45. Rae7+ Kd8 46. Bxg6 Rxe7 47. Rf8+ Kc7 48. Bf5 Rf3+ 49. Kg2 Rxf5 50. Rxf5 c4 51. Kg3 c3 52. Kh4 c2 53. Rf1 Nxd5 54. Rc1 Nb4 55. g6 d5 56. Kxh5 d4 57. Kh6 d3 58. g7 Rxg7 59. Kxg7 d2 0-1

[Event "ISL-chT 1617"]
[Site "Reykjavik"]
[Date "2016.10.01"]
[Round "4.4"]
[White "Karlsson, Bjorn Ivar"]
[Black "Dziuba, Marcin"]
[Result "1/2-1/2"]
[WhiteElo "2313"]
[BlackElo "2553"]
[PlyCount "47"]
[EventDate "2016.09.29"]
[EventType "team-tourn"]
[EventRounds "9"]
[EventCountry "ISL"]
[SourceTitle "EXT 2018"]
[Source "ChessBase"]
[SourceDate "2017.10.13"]
[SourceVersion "1"]
[SourceVersionDate "2017.10.13"]
[SourceQuality "1"]
[WhiteTeam "Akureyri"]
[BlackTeam "Vikingaklubburinn"]
[WhiteTeamCountry "ISL"]
[BlackTeamCountry "ISL"]

1. e4 c6 2. c4 d5 3. exd5 cxd5 4. cxd5 Nf6 5. Nc3 Nxd5 6. Nf3 Nc6 7. Bb5 e6 8. d4 Be7 9. 0-0 0-0 10. Re1 Bd7 11. Nxd5 exd5 12. h3 Re8 13. Bxc6 Bxc6 14. Ne5 Bf6 15. Bf4 Qb6 16. Qd2 Re6 17. Re3 a5 18. Rb3 Qa7 19. Re1 Rae8 20. Rbe3 Bb5 21. Nf3 Rxe3 22. Rxe3 Qb6 23. Rxe8+ Bxe8 24. Bg5 1/2-1/2

[Event "ISL-chT 1617"]
[Site "Reykjavik"]
[Date "2016.09.30"]
[Round "2.5"]
[White "Karlsson, Bjorn Ivar"]
[Black "Hjartarson, Johann"]
[Result "0-1"]
[WhiteElo "2313"]
[BlackElo "2545"]
[PlyCount "86"]
[EventDate "2016.09.29"]
[EventType "team-tourn"]
[EventRounds "9"]
[EventCountry "ISL"]
[SourceTitle "EXT 2018"]
[Source "ChessBase"]
[SourceDate "2017.10.13"]
[SourceVersion "1"]
[SourceVersionDate "2017.10.13"]
[SourceQuality "1"]
[WhiteTeam "Akureyri"]
[BlackTeam "Bolungarvik"]
[WhiteTeamCountry "ISL"]
[BlackTeamCountry "ISL"]

1. e4 g6 2. d4 Bg7 3. Nc3 d6 4. Nf3 Nf6 5. h3 0-0 6. Be3 c6 7. a4 Nbd7 8. Be2 Qc7 9. Nd2 b6 10. 0-0 Bb7 11. f4 e6 12. e5 Ne8 13. Nde4 a6 14. Bf3 d5 15. Nf2 c5 16. Ne2 cxd4 17. Nxd4 Nc5 18. Qd2 Rc8 19. Rfc1 Qd8 20. b4 Ne4 21. Bxe4 dxe4 22. c4 Qe7 23. c5 bxc5 24. bxc5 Bd5 25. c6 f6 26. Ng4 fxe5 27. Nxe5 g5 28. g3 Nd6 29. Rab1 gxf4 30. gxf4 Kh8 31. Nd7 Rg8 32. Kh2 Nc4 33. Rxc4 Bxc4 34. Nb6 Rb8 35. a5 Bd3 36. Rc1 e5 37. Nf5 Qc7 38. Nxg7 Rxg7 39. fxe5 Rbg8 40. Bf4 Qf7 41. Be3 Qf3 42. Rg1 Rxg1 43. Bxg1 Qg3+ 0-1